[Event "DVM U14 2020"]
[Site "Willingen GER"]
[Date "2021.06.26"]
[Round "5"]
[White "Timmermann, Aaron Frederik"]
[Black "Duduka, Artem"]
[Result "0-1"]
[Termination "normal"]
[Board "3.3"]
[WhiteElo "1399"]
[BlackElo "1613"]
[WhiteClock "00:46:35"]
[BlackClock "01:29:17"]
[WhiteTeam "Schachklub Münster 32 e. V."]
[BlackTeam "Schachfreunde Nordost Berlin"]
[PlyCount "114"]
[WhiteFideId "34606173"]
[BlackFideId "14194805"]
[EventCountry "GER"]
[EventRounds "7"]
[EventType "team-swiss"]
[EventDate "2021.06.23"]

1. e4 {[%clk 1:30:57]} 1... e5 {[%clk 1:30:50]} 2. Nf3 {[%clk 1:31:21]} 2...
Nc6 {[%clk 1:31:08]} 3. d4 3... exd4 {[%clk 1:31:03]} 4. Nxd4 {[%clk 1:32:06]}
4... Bc5 {[%clk 1:31:20]} 5. Be3 {[%clk 1:31:21]} 5... Qf6 {[%clk 1:31:22]} 6.
c3 {[%clk 1:28:40]} 6... Nge7 {[%clk 1:30:35]} 7. Be2 {[%clk 1:24:43]} 7... O-O
{[%clk 1:28:03]} 8. O-O {[%clk 1:24:14]} 8... a6 {[%clk 1:26:59]} 9. Nxc6 {
[%clk 1:16:52]} 9... Qxc6 {[%clk 1:26:47]} 10. Bxc5 {[%clk 1:16:22]} 10... Qxc5
{[%clk 1:27:05]} 11. Qd4 {[%clk 1:16:22]} 11... Qxd4 {[%clk 1:25:11]} 12. cxd4
{[%clk 1:16:06]} 12... d5 {[%clk 1:25:31]} 13. exd5 {[%clk 1:13:19]} 13... Nxd5
{[%clk 1:25:28]} 14. Nc3 {[%clk 1:12:57]} 14... Rd8 {[%clk 1:24:56]} 15. Bf3 {
[%clk 1:09:43]} 15... Be6 16. a3 {[%clk 1:01:23]} 16... Rd7 {[%clk 1:20:47]}
17. Nxd5 {[%clk 0:55:41]} 17... Bxd5 {[%clk 1:21:09]} 18. Bxd5 {[%clk 0:56:02]}
18... Rxd5 {[%clk 1:21:35]} 19. Rfe1 {[%clk 0:55:53]} 19... Rad8 { [%clk
1:21:35]} 20. Re7 {[%clk 0:55:18]} 20... Rxd4 {[%clk 1:20:23]} 21. g3 { [%clk
0:55:03]} 21... R4d7 {[%clk 1:20:15]} 22. Rae1 22... Kf8 {[%clk 1:20:19]} 23.
R7e2 {[%clk 0:47:52]} 23... Rd1 {[%clk 1:18:56]} 24. Kf1 {[%clk 0:46:24]} 24...
Rxe1+ {[%clk 1:19:07]} 25. Kxe1 {[%clk 0:44:10]} 25... Re8 { [%clk 1:19:35]}
26. Rxe8+ {[%clk 0:43:37]} 26... Kxe8 {[%clk 1:20:00]} 27. Kd2 {[%clk 0:43:57]}
27... Kd7 {[%clk 1:20:27]} 28. Kd3 {[%clk 0:44:04]} 28... Kd6 {[%clk 1:20:47]}
29. Kd4 {[%clk 0:44:29]} 29... c5+ {[%clk 1:21:12]} 30. Kc4 { [%clk 0:43:06]}
30... b5+ {[%clk 1:21:36]} 31. Kc3 {[%clk 0:43:29]} 31... Kd5 { [%clk 1:21:27]}
32. f3 {[%clk 0:43:31]} 32... a5 {[%clk 1:21:41]} 33. h3 { [%clk 0:43:42]}
33... g6 {[%clk 1:21:49]} 34. b3 {[%clk 0:43:38]} 34... c4 { [%clk 1:21:19]}
35. bxc4+ {[%clk 0:42:42]} 35... bxc4 {[%clk 1:21:45]} 36. h4 { [%clk 0:43:05]}
36... Kc5 {[%clk 1:21:41]} 37. g4 {[%clk 0:42:51]} 37... Kd5 { [%clk 1:21:57]}
38. g5 {[%clk 0:41:11]} 38... Kc5 {[%clk 1:22:21]} 39. f4 { [%clk 0:41:24]}
39... Kd5 {[%clk 1:22:44]} 40. a4 {[%clk 0:40:52]} 40... Kc5 { [%clk 1:23:11]}
41. Kc2 {[%clk 0:41:06]} 41... Kb4 {[%clk 1:23:34]} 42. Kb2 { [%clk 0:41:27]}
42... Kxa4 {[%clk 1:24:01]} 43. Kc3 {[%clk 0:41:45]} 43... Kb5 {[%clk 1:24:26]}
44. Kc2 {[%clk 0:42:10]} 44... Kb4 {[%clk 1:24:50]} 45. Kb2 { [%clk 0:42:20]}
45... a4 {[%clk 1:25:14]} 46. Kc2 {[%clk 0:42:46]} 46... a3 { [%clk 1:25:36]}
47. Kb1 {[%clk 0:43:13]} 47... Kb3 {[%clk 1:26:00]} 48. Ka1 { [%clk 0:43:29]}
48... c3 {[%clk 1:26:25]} 49. Kb1 {[%clk 0:43:51]} 49... c2+ { [%clk 1:26:51]}
50. Kc1 {[%clk 0:44:09]} 50... a2 {[%clk 1:27:16]} 51. Kd2 { [%clk 0:44:37]}
51... a1=Q {[%clk 1:27:32]} 52. Ke3 {[%clk 0:44:58]} 52... c1=Q+ {[%clk
1:27:42]} 53. Ke4 {[%clk 0:45:15]} 53... Qc4+ {[%clk 1:28:07]} 54. Ke3 {[%clk
0:45:34]} 54... Qac3+ {[%clk 1:28:27]} 55. Kf2 {[%clk 0:45:56]} 55... Q4d4+
{[%clk 1:28:52]} 56. Kg2 {[%clk 0:46:12]} 56... Qdd2+ { [%clk 1:29:17]} 57. Kf1
{[%clk 0:46:35]} 57... Qcc1# 0-1

[Event "DVM U14 2020"]
[Site "Willingen GER"]
[Date "2021.06.26"]
[Round "5"]
[White "Beck, Felix"]
[Black "Elshof, Torge"]
[Result "1-0"]
[Termination "normal"]
[Board "3.4"]
[WhiteElo "1526"]
[BlackElo "1281"]
[WhiteClock "00:16:02"]
[BlackClock "00:04:52"]
[WhiteTeam "Schachfreunde Nordost Berlin"]
[BlackTeam "Schachklub Münster 32 e. V."]
[PlyCount "82"]
[WhiteFideId "16255364"]
[BlackFideId "16261291"]
[EventCountry "GER"]
[EventRounds "7"]
[EventType "team-swiss"]
[EventDate "2021.06.23"]

1. c4 {[%clk 1:30:57]} 1... c5 {[%clk 1:30:45]} 2. g3 {[%clk 1:31:06]} 2... g6
{[%clk 1:30:54]} 3. Bg2 {[%clk 1:31:12]} 3... Bg7 {[%clk 1:31:04]} 4. Nc3 {
[%clk 1:30:46]} 4... Nc6 {[%clk 1:31:13]} 5. e3 {[%clk 1:30:08]} 5... Nf6 {
[%clk 1:30:31]} 6. Nge2 {[%clk 1:29:02]} 6... O-O {[%clk 1:29:19]} 7. O-O {
[%clk 1:29:13]} 7... d6 {[%clk 1:28:47]} 8. a3 {[%clk 1:28:58]} 8... Be6 {
[%clk 1:21:33]} 9. d3 {[%clk 1:24:45]} 9... Qc7 {[%clk 1:19:15]} 10. Nf4 {
[%clk 1:18:16]} 10... Bd7 {[%clk 1:15:23]} 11. Rb1 {[%clk 1:16:24]} 11... Rab8
{[%clk 1:06:15]} 12. Bd2 {[%clk 1:12:22]} 12... Bf5 {[%clk 1:00:56]} 13. Ncd5 {
[%clk 1:04:14]} 13... Nxd5 {[%clk 1:00:30]} 14. Nxd5 {[%clk 1:04:31]} 14... Qd8
{[%clk 1:00:34]} 15. e4 {[%clk 0:59:56]} 15... Bd7 {[%clk 0:59:37]} 16. b4 {
[%clk 0:55:38]} 16... b6 {[%clk 0:57:37]} 17. Bg5 17... Re8 {[%clk 0:51:54]}
18. Bd2 {[%clk 0:45:56]} 18... Nd4 {[%clk 0:50:47]} 19. Re1 {[%clk 0:43:03]}
19... Qc8 {[%clk 0:48:43]} 20. Bf4 {[%clk 0:33:50]} 20... Bg4 {[%clk 0:38:20]}
21. f3 {[%clk 0:34:04]} 21... Be6 {[%clk 0:38:39]} 22. Nxe7+ {[%clk 0:27:53]}
22... Rxe7 {[%clk 0:39:02]} 23. Bxd6 {[%clk 0:28:19]} 23... Rbb7 { [%clk
0:36:21]} 24. Bxe7 {[%clk 0:28:38]} 24... Rxe7 {[%clk 0:36:34]} 25. Qd2 { [%clk
0:24:19]} 25... Qc7 {[%clk 0:22:17]} 26. b5 {[%clk 0:20:49]} 26... a6 { [%clk
0:21:05]} 27. a4 {[%clk 0:20:42]} 27... a5 28. Rf1 {[%clk 0:19:33]} 28... Rd7
{[%clk 0:18:35]} 29. Qe3 {[%clk 0:17:31]} 29... Nf5 {[%clk 0:10:34]} 30. Qe2
{[%clk 0:16:31]} 30... Bd4+ {[%clk 0:10:38]} 31. Kh1 {[%clk 0:16:47]} 31...
Qxg3 {[%clk 0:10:32]} 32. exf5 {[%clk 0:15:35]} 32... Qd6 {[%clk 0:06:16]} 33.
fxe6 {[%clk 0:15:50]} 33... fxe6 {[%clk 0:06:16]} 34. Rbe1 {[%clk 0:14:58]}
34... Re7 {[%clk 0:06:28]} 35. Qe4 {[%clk 0:14:52]} 35... e5 {[%clk 0:06:32]}
36. Qd5+ {[%clk 0:15:02]} 36... Qxd5 {[%clk 0:06:33]} 37. cxd5 {[%clk 0:15:28]}
37... Rf7 {[%clk 0:05:34]} 38. Bh3 {[%clk 0:15:29]} 38... Kg7 {[%clk 0:05:52]}
39. d6 {[%clk 0:15:28]} 39... Rf8 {[%clk 0:04:46]} 40. d7 {[%clk 0:15:43]}
40... Rd8 {[%clk 0:04:52]} 41. f4 {[%clk 0:16:02]} 41... exf4 1-0

[Event "DVM U14 2020"]
[Site "Willingen GER"]
[Date "2021.06.26"]
[Round "5"]
[White "Hommer, Jeremy"]
[Black "Eull, Emil"]
[Result "1/2-1/2"]
[Termination "normal"]
[Board "4.1"]
[WhiteElo "2180"]
[BlackElo "1662"]
[WhiteClock "00:26:34"]
[BlackClock "00:24:41"]
[WhiteTeam "SC Turm Lüneburg e.V."]
[BlackTeam "SF Neuberg"]
[PlyCount "83"]
[WhiteFideId "12992577"]
[BlackFideId "16253809"]
[EventCountry "GER"]
[EventRounds "7"]
[EventType "team-swiss"]
[EventDate "2021.06.23"]

1. e4 {[%clk 1:30:54]} 1... g6 {[%clk 1:30:51]} 2. d4 {[%clk 1:31:16]} 2... Bg7
{[%clk 1:31:15]} 3. Nc3 {[%clk 1:31:38]} 3... d6 {[%clk 1:31:40]} 4. Be3 {
[%clk 1:32:02]} 4... a6 {[%clk 1:32:03]} 5. h4 {[%clk 1:32:25]} 5... Nf6 {
[%clk 1:32:21]} 6. h5 {[%clk 1:19:33]} 6... Nxh5 {[%clk 1:32:09]} 7. Rxh5 {
[%clk 1:19:44]} 7... gxh5 {[%clk 1:32:32]} 8. Qxh5 {[%clk 1:20:08]} 8... Nd7 {
[%clk 1:31:00]} 9. Bc4 {[%clk 1:20:12]} 9... O-O {[%clk 1:31:20]} 10. Nf3 {
[%clk 1:19:16]} 10... Nf6 {[%clk 1:23:41]} 11. Qh4 {[%clk 1:19:45]} 11... d5 {
[%clk 1:00:48]} 12. Nxd5 {[%clk 1:17:08]} 12... Nxd5 {[%clk 1:00:18]} 13. exd5
{[%clk 1:13:46]} 13... Bf5 {[%clk 0:53:07]} 14. O-O-O {[%clk 0:59:17]} 14... b5
{[%clk 0:49:27]} 15. Bd3 {[%clk 0:49:12]} 15... Bxd3 {[%clk 0:48:25]} 16. Rxd3
{[%clk 0:49:32]} 16... f6 {[%clk 0:34:42]} 17. Qh5 {[%clk 0:36:12]} 17... Qe8 {
[%clk 0:33:14]} 18. Qh3 {[%clk 0:34:29]} 18... Qf7 {[%clk 0:28:00]} 19. Nh4 {
[%clk 0:29:34]} 19... Rad8 {[%clk 0:15:41]} 20. Nf5 {[%clk 0:21:42]} 20... Rxd5
{[%clk 0:15:53]} 21. Nxg7 {[%clk 0:18:57]} 21... Kxg7 {[%clk 0:16:09]} 22. Bh6+
{[%clk 0:19:02]} 22... Kh8 {[%clk 0:16:29]} 23. Bxf8 {[%clk 0:18:43]} 23...
Qxf8 {[%clk 0:16:52]} 24. Qe6 {[%clk 0:16:49]} 24... Rd6 {[%clk 0:13:31]} 25.
Qe4 {[%clk 0:16:44]} 25... f5 {[%clk 0:09:01]} 26. Qe5+ {[%clk 0:14:55]} 26...
Qf6 {[%clk 0:09:19]} 27. Rf3 {[%clk 0:13:11]} 27... Qxe5 {[%clk 0:03:20]} 28.
dxe5 {[%clk 0:13:36]} 28... Rg6 {[%clk 0:03:48]} 29. g3 {[%clk 0:13:16]} 29...
c5 {[%clk 0:03:09]} 30. Rxf5 {[%clk 0:13:24]} 30... e6 {[%clk 0:03:10]} 31. Rh5
{[%clk 0:06:32]} 31... Kg7 {[%clk 0:03:12]} 32. Kd2 {[%clk 0:06:31]} 32... Rg4
{[%clk 0:03:31]} 33. Kd3 {[%clk 0:03:43]} 33... Kg6 {[%clk 0:03:02]} 34. Rh3 {
[%clk 0:02:32]} 34... Rd4+ {[%clk 0:02:32]} 35. Ke3 {[%clk 0:02:17]} 35... Rd1
{[%clk 0:02:00]} 36. f4 {[%clk 0:02:13]} 36... h5 {[%clk 0:01:53]} 37. Rh2 {
[%clk 0:02:26]} 37... Rg1 {[%clk 0:01:18]} 38. Kf3 {[%clk 0:02:45]} 38... Ra1 {
[%clk 0:01:09]} 39. a3 {[%clk 0:03:00]} 39... b4 {[%clk 0:01:12]} 40. axb4 {
[%clk 0:02:34]} 40... cxb4 {[%clk 0:01:36]} 41. Ke4 {[%clk 0:26:34]} 41... a5 {
[%clk 0:24:41]} 42. b3 1/2-1/2

[Event "DVM U14 2020"]
[Site "Willingen GER"]
[Date "2021.06.26"]
[Round "5"]
[White "Buchinger, Alexis"]
[Black "Bildat, Emilia"]
[Result "1/2-1/2"]
[Termination "normal"]
[Board "4.2"]
[WhiteElo "1536"]
[BlackElo "1852"]
[WhiteClock "00:31:22"]
[BlackClock "00:05:59"]
[WhiteTeam "SF Neuberg"]
[BlackTeam "SC Turm Lüneburg e.V."]
[PlyCount "136"]
[WhiteFideId "16287134"]
[BlackFideId "16218140"]
[EventCountry "GER"]
[EventRounds "7"]
[EventType "team-swiss"]
[EventDate "2021.06.23"]

1. c4 {[%clk 1:30:46]} 1... e5 {[%clk 1:30:48]} 2. g3 {[%clk 1:31:06]} 2... Bc5
{[%clk 1:30:54]} 3. Bg2 {[%clk 1:31:22]} 3... d6 {[%clk 1:31:00]} 4. Nc3 {
[%clk 1:31:40]} 4... a6 {[%clk 1:31:01]} 5. e3 {[%clk 1:32:03]} 5... Ba7 {
[%clk 1:31:03]} 6. Nge2 {[%clk 1:32:16]} 6... h5 {[%clk 1:30:39]} 7. h4 { [%clk
1:31:31]} 7... Nc6 {[%clk 1:30:01]} 8. d4 {[%clk 1:30:23]} 8... Bg4 { [%clk
1:27:50]} 9. Bxc6+ {[%clk 1:27:45]} 9... bxc6 {[%clk 1:27:49]} 10. dxe5 { [%clk
1:27:45]} 10... dxe5 {[%clk 1:27:32]} 11. Qxd8+ {[%clk 1:25:23]} 11... Rxd8
{[%clk 1:27:10]} 12. Bd2 {[%clk 1:24:40]} 12... Bf3 {[%clk 1:25:22]} 13. Rg1
{[%clk 1:23:18]} 13... Nf6 {[%clk 1:24:37]} 14. O-O-O {[%clk 1:22:05]} 14...
Ng4 {[%clk 1:22:48]} 15. Rgf1 {[%clk 1:12:28]} 15... O-O {[%clk 1:18:33]} 16.
Kc2 {[%clk 1:09:00]} 16... Rd7 {[%clk 1:17:04]} 17. Bc1 {[%clk 1:07:07]} 17...
Rfd8 {[%clk 1:03:31]} 18. Rxd7 {[%clk 1:01:40]} 18... Rxd7 { [%clk 1:03:54]}
19. Ng1 {[%clk 1:01:30]} 19... Bg2 {[%clk 0:59:53]} 20. Rd1 { [%clk 1:00:51]}
20... Rd6 {[%clk 0:58:21]} 21. Re1 {[%clk 0:44:32]} 21... e4 { [%clk 0:48:41]}
22. Nd1 {[%clk 0:42:34]} 22... Rf6 {[%clk 0:35:15]} 23. Ne2 { [%clk 0:36:40]}
23... Nxf2 {[%clk 0:27:18]} 24. Nf4 {[%clk 0:35:00]} 24... Nxd1 {[%clk
0:27:24]} 25. Rxd1 {[%clk 0:35:21]} 25... Bf3 {[%clk 0:26:47]} 26. Rd8+ {[%clk
0:35:07]} 26... Kh7 {[%clk 0:27:03]} 27. Ra8 {[%clk 0:34:46]} 27... Bb6 {[%clk
0:25:49]} 28. Rxa6 {[%clk 0:34:51]} 28... Rf5 {[%clk 0:23:38]} 29. b4 { [%clk
0:34:25]} 29... c5 {[%clk 0:21:42]} 30. b5 {[%clk 0:33:30]} 30... g5 { [%clk
0:21:23]} 31. hxg5 {[%clk 0:33:39]} 31... Rxg5 {[%clk 0:21:39]} 32. Nd5 { [%clk
0:32:58]} 32... Rxg3 {[%clk 0:18:26]} 33. Bb2 {[%clk 0:31:59]} 33... h4 { [%clk
0:11:38]} 34. Be5 {[%clk 0:31:15]} 34... Rg2+ {[%clk 0:11:05]} 35. Kc3 { [%clk
0:31:31]} 35... h3 {[%clk 0:10:16]} 36. Ra8 {[%clk 0:29:37]} 36... Bd1 { [%clk
0:07:53]} 37. Rh8+ {[%clk 0:29:36]} 37... Kg6 {[%clk 0:08:11]} 38. Nf4+ { [%clk
0:29:59]} 38... Kf5 {[%clk 0:06:43]} 39. Nxg2 {[%clk 0:30:24]} 39... hxg2
{[%clk 0:06:59]} 40. Bh2 {[%clk 0:30:49]} 40... c6 {[%clk 0:06:24]} 41. Rg8 {
[%clk 0:30:45]} 41... cxb5 {[%clk 0:05:39]} 42. cxb5 {[%clk 0:30:33]} 42... Bf3
{[%clk 0:04:35]} 43. Kc4 {[%clk 0:30:21]} 43... Be2+ {[%clk 0:04:27]} 44. Kd5 {
[%clk 0:30:34]} 44... Bxb5 {[%clk 0:04:24]} 45. Rxg2 {[%clk 0:30:58]} 45... c4
{[%clk 0:04:34]} 46. Rb2 {[%clk 0:30:37]} 46... c3 {[%clk 0:04:23]} 47. Rc2 {
[%clk 0:25:46]} 47... Ba5 {[%clk 0:04:01]} 48. Kd4 {[%clk 0:24:57]} 48... Bd3 {
[%clk 0:01:06]} 49. Rxc3 {[%clk 0:25:14]} 49... Bxc3+ {[%clk 0:01:28]} 50. Kxc3
{[%clk 0:25:38]} 50... Ke6 {[%clk 0:00:49]} 51. a4 {[%clk 0:25:44]} 51... Kd7 {
[%clk 0:01:02]} 52. Kd4 {[%clk 0:26:04]} 52... Kc6 {[%clk 0:01:11]} 53. a5 {
[%clk 0:26:14]} 53... Kb5 {[%clk 0:01:05]} 54. Bc7 {[%clk 0:26:38]} 54... Ka6 {
[%clk 0:01:18]} 55. Ke5 {[%clk 0:26:35]} 55... f6+ {[%clk 0:00:59]} 56. Kxf6 {
[%clk 0:26:57]} 56... Bb1 {[%clk 0:01:24]} 57. Ke5 {[%clk 0:27:12]} 57... Bd3 {
[%clk 0:01:45]} 58. Kd4 {[%clk 0:27:30]} 58... Bb1 {[%clk 0:02:03]} 59. Kc3 {
[%clk 0:27:55]} 59... Bd3 {[%clk 0:02:17]} 60. Kb4 {[%clk 0:28:19]} 60... Kb7 {
[%clk 0:02:33]} 61. Be5 {[%clk 0:28:19]} 61... Ka6 {[%clk 0:02:52]} 62. Bc3 {
[%clk 0:28:43]} 62... Bb1 {[%clk 0:03:54]} 63. Kc5 {[%clk 0:29:33]} 63... Bd3 {
[%clk 0:04:16]} 64. Kc6 {[%clk 0:29:58]} 64... Bb1 {[%clk 0:04:39]} 65. Bb4 {
[%clk 0:30:12]} 65... Bd3 {[%clk 0:05:02]} 66. Bc5 {[%clk 0:30:38]} 66... Bb1 {
[%clk 0:05:19]} 67. Bb6 {[%clk 0:31:04]} 67... Bd3 {[%clk 0:05:39]} 68. Kc7 {
[%clk 0:31:22]} 68... Bb1 {[%clk 0:05:59]} 1/2-1/2

[Event "DVM U14 2020"]
[Site "Willingen GER"]
[Date "2021.06.26"]
[Round "5"]
[White "Rennkamp, Johannes"]
[Black "Feng, Felix"]
[Result "1/2-1/2"]
[Termination "normal"]
[Board "4.3"]
[WhiteElo "1603"]
[BlackElo "1423"]
[WhiteClock "00:44:00"]
[BlackClock "00:24:57"]
[WhiteTeam "SC Turm Lüneburg e.V."]
[BlackTeam "SF Neuberg"]
[PlyCount "94"]
[WhiteFideId "16268784"]
[BlackFideId "16275179"]
[EventCountry "GER"]
[EventRounds "7"]
[EventType "team-swiss"]
[EventDate "2021.06.23"]

1. d4 {[%clk 1:30:59]} 1... d5 {[%clk 1:30:20]} 2. c4 {[%clk 1:31:26]} 2... e6
{[%clk 1:30:06]} 3. Nc3 {[%clk 1:31:54]} 3... Nf6 {[%clk 1:30:12]} 4. Bg5 {
[%clk 1:32:22]} 4... Nbd7 {[%clk 1:29:51]} 5. cxd5 {[%clk 1:32:30]} 5... exd5 {
[%clk 1:30:03]} 6. e3 {[%clk 1:32:02]} 6... c6 {[%clk 1:29:13]} 7. Nf3 { [%clk
1:32:16]} 7... Be7 {[%clk 1:28:08]} 8. Bd3 {[%clk 1:32:23]} 8... O-O { [%clk
1:27:33]} 9. O-O {[%clk 1:32:42]} 9... Nh5 {[%clk 1:25:02]} 10. Bxe7 { [%clk
1:32:53]} 10... Qxe7 {[%clk 1:25:14]} 11. Qc2 {[%clk 1:32:43]} 11... Nhf6
{[%clk 1:24:25]} 12. Rac1 {[%clk 1:32:04]} 12... b6 {[%clk 1:20:04]} 13. Rfd1 {
[%clk 1:20:33]} 13... Bb7 {[%clk 1:18:27]} 14. Ne2 {[%clk 1:14:50]} 14... Rac8
{[%clk 1:17:59]} 15. Qa4 {[%clk 1:12:59]} 15... a5 {[%clk 1:17:24]} 16. Ng3 {
[%clk 1:13:03]} 16... Ne4 {[%clk 1:12:39]} 17. Bxe4 {[%clk 1:08:24]} 17... dxe4
{[%clk 1:12:38]} 18. Nd2 {[%clk 1:08:43]} 18... f5 {[%clk 1:12:21]} 19. Ne2 {
[%clk 1:09:04]} 19... Kh8 {[%clk 1:10:05]} 20. Qb3 {[%clk 1:08:04]} 20... Rf6
21. Nf4 {[%clk 1:06:22]} 21... Qb4 {[%clk 1:02:50]} 22. Rc3 {[%clk 1:01:46]}
22... g5 {[%clk 1:00:48]} 23. Ne2 {[%clk 1:01:31]} 23... Qxb3 {[%clk 0:51:30]}
24. Nxb3 {[%clk 1:00:55]} 24... Kg7 {[%clk 0:49:04]} 25. Ng3 {[%clk 0:59:15]}
25... Kg6 {[%clk 0:48:45]} 26. Nd2 {[%clk 0:58:20]} 26... Ba6 {[%clk 0:47:27]}
27. Nc4 {[%clk 0:57:47]} 27... Bxc4 {[%clk 0:47:10]} 28. Rxc4 {[%clk 0:58:16]}
28... Rd6 {[%clk 0:46:17]} 29. Kf1 {[%clk 0:56:50]} 29... Nf6 {[%clk 0:45:52]}
30. Ne2 {[%clk 0:56:31]} 30... Nd5 {[%clk 0:44:51]} 31. a3 {[%clk 0:55:31]}
31... Re8 {[%clk 0:43:02]} 32. Nc3 {[%clk 0:55:04]} 32... Nxc3 {[%clk 0:35:42]}
33. Rxc3 {[%clk 0:55:19]} 33... Ree6 {[%clk 0:35:43]} 34. Rdc1 {[%clk 0:54:51]}
34... Kf6 {[%clk 0:34:52]} 35. Ke2 {[%clk 0:53:45]} 35... h6 {[%clk 0:34:33]}
36. Rb3 {[%clk 0:52:18]} 36... b5 {[%clk 0:34:41]} 37. Rbc3 {[%clk 0:52:35]}
37... Re7 {[%clk 0:29:45]} 38. a4 {[%clk 0:50:24]} 38... bxa4 {[%clk 0:29:31]}
39. Ra3 {[%clk 0:50:43]} 39... Rb7 {[%clk 0:29:13]} 40. Kd2 {[%clk 0:50:35]}
40... Rxb2+ {[%clk 0:29:11]} 41. Rc2 {[%clk 0:51:01]} 41... Rb5 {[%clk 0:27:58]
} 42. Rxa4 {[%clk 0:51:07]} 42... c5 {[%clk 0:28:08]} 43. Kc3 {[%clk 0:49:59]}
43... cxd4+ {[%clk 0:26:53]} 44. Rxd4 {[%clk 0:50:04]} 44... Rc6+ { [%clk
0:26:46]} 45. Kd2 {[%clk 0:44:52]} 45... Rxc2+ {[%clk 0:24:56]} 46. Kxc2 {[%clk
0:45:16]} 46... Rb6 {[%clk 0:25:19]} 47. Rd2 {[%clk 0:44:00]} 47... Ra6 {[%clk
0:24:57]} 1/2-1/2

[Event "DVM U14 2020"]
[Site "Willingen GER"]
[Date "2021.06.26"]
[Round "5"]
[White "Kaiser, Jason"]
[Black "Rennkamp, David"]
[Result "0-1"]
[Termination "normal"]
[Board "4.4"]
[WhiteElo "1479"]
[BlackElo "1371"]
[WhiteClock "00:04:40"]
[BlackClock "00:03:13"]
[WhiteTeam "SF Neuberg"]
[BlackTeam "SC Turm Lüneburg e.V."]
[PlyCount "94"]
[WhiteFideId "16275187"]
[BlackFideId "16249526"]
[EventCountry "GER"]
[EventRounds "7"]
[EventType "team-swiss"]
[EventDate "2021.06.23"]

1. e4 {[%clk 1:30:59]} 1... e5 {[%clk 1:30:59]} 2. Nf3 {[%clk 1:31:21]} 2...
Nc6 {[%clk 1:31:23]} 3. Bc4 3... Bc5 {[%clk 1:31:45]} 4. c3 {[%clk 1:31:47]}
4... Nf6 {[%clk 1:32:08]} 5. d3 {[%clk 1:31:55]} 5... d6 {[%clk 1:32:02]} 6. h3
{[%clk 1:31:14]} 6... O-O {[%clk 1:30:22]} 7. Bg5 {[%clk 1:29:51]} 7... Be6 {
[%clk 1:29:56]} 8. Bb3 {[%clk 1:28:33]} 8... Qe7 {[%clk 1:27:58]} 9. O-O {
[%clk 1:28:00]} 9... h6 {[%clk 1:26:30]} 10. Bh4 {[%clk 1:27:47]} 10... Bxb3 {
[%clk 1:15:41]} 11. axb3 {[%clk 1:27:51]} 11... g5 {[%clk 1:07:06]} 12. Bg3 {
[%clk 1:25:23]} 12... Nh5 {[%clk 1:00:05]} 13. Bh2 {[%clk 1:19:41]} 13... Nf4 {
[%clk 0:57:30]} 14. Bxf4 {[%clk 1:16:41]} 14... gxf4 {[%clk 0:52:18]} 15. Nbd2
{[%clk 1:12:37]} 15... Kh7 {[%clk 0:50:26]} 16. Nh2 {[%clk 1:07:56]} 16... Rg8
{[%clk 0:48:18]} 17. Ng4 {[%clk 0:54:01]} 17... h5 {[%clk 0:46:21]} 18. Nh2 {
[%clk 0:53:55]} 18... Qh4 {[%clk 0:44:32]} 19. Kh1 {[%clk 0:47:06]} 19... Qg5 {
[%clk 0:36:40]} 20. Qf3 {[%clk 0:44:50]} 20... Ne7 {[%clk 0:34:49]} 21. g3 {
[%clk 0:37:34]} 21... fxg3 {[%clk 0:30:47]} 22. fxg3 {[%clk 0:34:59]} 22...
Qxd2 {[%clk 0:26:51]} 23. Qxf7+ {[%clk 0:33:48]} 23... Rg7 {[%clk 0:26:43]} 24.
Qxh5+ {[%clk 0:33:41]} 24... Qh6 {[%clk 0:26:49]} 25. Qxh6+ {[%clk 0:33:40]}
25... Kxh6 {[%clk 0:27:10]} 26. Ng4+ {[%clk 0:33:52]} 26... Kh7 {[%clk 0:25:18]
} 27. Rf6 {[%clk 0:33:25]} 27... Ng8 {[%clk 0:22:23]} 28. Rf5 {[%clk 0:31:49]}
28... Re8 {[%clk 0:15:55]} 29. Raf1 {[%clk 0:27:44]} 29... Kg6 {[%clk 0:14:14]}
30. h4 {[%clk 0:24:22]} 30... Re6 {[%clk 0:12:41]} 31. Rg5+ {[%clk 0:21:29]}
31... Kh7 {[%clk 0:12:59]} 32. Rh5+ {[%clk 0:21:49]} 32... Rh6 {[%clk 0:08:19]}
33. Nxh6 {[%clk 0:20:49]} 33... Nxh6 {[%clk 0:08:42]} 34. Kg2 {[%clk 0:19:32]}
34... Be3 {[%clk 0:07:56]} 35. Kh3 {[%clk 0:14:54]} 35... Kg6 {[%clk 0:07:00]}
36. Rhf5 {[%clk 0:04:06]} 36... Nxf5 {[%clk 0:06:49]} 37. exf5+ {[%clk 0:04:04]
} 37... Kf6 {[%clk 0:05:52]} 38. g4 {[%clk 0:03:45]} 38... Rh7 {[%clk 0:04:16]}
39. g5+ {[%clk 0:03:20]} 39... Bxg5 {[%clk 0:04:22]} 40. Kg3 {[%clk 0:02:39]}
40... Rxh4 {[%clk 0:04:16]} 41. Ra1 {[%clk 0:02:58]} 41... a6 {[%clk 0:04:28]}
42. Rf1 {[%clk 0:03:23]} 42... Rh7 {[%clk 0:04:03]} 43. Kg4 {[%clk 0:03:32]}
43... Bf4 {[%clk 0:04:04]} 44. d4 {[%clk 0:03:53]} 44... Rg7+ {[%clk 0:03:50]}
45. Kf3 {[%clk 0:04:01]} 45... Kxf5 {[%clk 0:03:14]} 46. dxe5 46... Bxe5 {
[%clk 0:03:19]} 47. Ke3+ {[%clk 0:04:40]} 47... Ke6 {[%clk 0:03:13]} 0-1